[Event "22nd EUR-ch (w)"]
[Site "Prague CZE"]
[Date "2022.08.22"]
[Round "3.5"]
[White "Fataliyeva, Ulviyya"]
[Black "Sliwicka, Alicja"]
[Result "1/2-1/2"]
[WhiteElo "2413"]
[BlackElo "2260"]
[EventDate "2022.08.20"]
[PlyCount "96"]

1.e4 e5 2.Nf3 Nc6 3.Bb5 a6 4.Ba4 d6 5.c3 Bd7 6.d4 g6 7.Bg5 f6 8.Be3 Nh6 9.
h3 Bg7 10.d5 Ne7 11.Bxd7+ Qxd7 12.c4 Nf7 13.Nfd2 c5 14.Qg4 f5 15.exf5 h5 
16.Qg3 Nxf5 17.Qxg6 O-O-O 18.Ne4 Rdg8 19.Qe6 Qxe6 20.dxe6 Nd8 21.e7 Nc6 
22.Nbc3 Ncxe7 23.Bg5 Nc6 24.O-O-O Bh6 25.h4 Ncd4 26.Kb1 b5 27.b3 Kb7 28.a3
Kc6 29.Ka2 Bxg5 30.hxg5 Ne6 31.g4 hxg4 32.Rxh8 Rxh8 33.Nd5 g3 34.fxg3 Rh2+
35.Kb1 Nfd4 36.Ndf6 Ng7 37.Rd2 Rh1+ 38.Kb2 Re1 39.Nc3 Re3 40.g4 b4 41.axb4
cxb4 42.Nce4 Rxb3+ 43.Ka2 Ra3+ 44.Kb2 a5 45.Nh5 Rb3+ 46.Ka2 Ra3+ 47.Kb2 
Rb3+ 48.Ka2 Ra3+ 1/2-1/2

[Event "22nd EUR-ch (w)"]
[Site "Prague CZE"]
[Date "2022.08.22"]
[Round "3.6"]
[White "Toncheva, Nadya"]
[Black "Zawadzka, Jolanta"]
[Result "0-1"]
[WhiteElo "2164"]
[BlackElo "2412"]
[EventDate "2022.08.20"]
[PlyCount "134"]

1.e4 c5 2.c3 Nf6 3.e5 Nd5 4.Nf3 Nc6 5.d4 cxd4 6.cxd4 d6 7.Bc4 dxe5 8.Bxd5 
Qxd5 9.Nc3 Qd6 10.d5 Nd4 11.Nxd4 exd4 12.Qxd4 e5 13.Qe4 Be7 14.O-O O-O 15.
Re1 f6 16.f4 Bd8 17.f5 Bd7 18.Be3 Rc8 19.Rac1 Ba5 20.Qd3 Bxc3 21.Rxc3 Rxc3
22.bxc3 Qa3 23.Re2 Rc8 24.Rc2 b5 25.d6 Bc6 26.Bc1 Qc5+ 27.Be3 Qa3 28.Bc1 
Qa4 29.c4 Qb4 30.Qc3 Qxd6 31.cxb5 Bb7 32.Qb3+ Kh8 33.Rxc8+ Bxc8 34.Be3 
Bxf5 35.Bxa7 Qd2 36.Kh1 Be4 37.Qh3 h6 38.a4 Qd1+ 39.Bg1 Qxa4 40.b6 Qc6 41.
Qg3 f5 42.h3 f4 43.Qf2 Qg6 44.Qb2 Bb7 45.Qf2 Kh7 46.Kh2 Qe4 47.Kh1 h5 48.
Kh2 Kh6 49.Qd2 Qg6 50.Bc5 Qg3+ 51.Kg1 Kh7 52.Qf2 Qc3 53.Bd6 Kh6 54.Kh2 g5 
55.Qa2 Kg7 56.Qe2 Kf6 57.Qf2 Ke6 58.Bc7 Qd3 59.Qa2+ Kf6 60.Qf2 Kf5 61.Qe1 
Qd5 62.Qb1+ Kf6 63.Qb2 g4 64.hxg4 hxg4 65.Qe2 g3+ 66.Kh1 Qd4 67.Qe1 f3 0-1

[Event "22nd EUR-ch (w)"]
[Site "Prague CZE"]
[Date "2022.08.22"]
[Round "3.7"]
[White "Stefanova, Antoaneta"]
[Black "Movsesian, Julia"]
[Result "1-0"]
[WhiteElo "2472"]
[BlackElo "2291"]
[EventDate "2022.08.20"]
[PlyCount "91"]

1.Nf3 c5 2.b3 Nc6 3.Bb2 e6 4.c4 Nf6 5.e3 a6 6.Be2 d5 7.cxd5 exd5 8.d4 cxd4
9.Nxd4 Bb4+ 10.Kf1 O-O 11.h4 Qe7 12.g3 Ne5 13.a3 Bd6 14.Nc3 Bd7 15.h5 h6 
16.Rh4 Rac8 17.Rf4 Rfd8 18.Nf5 Bxf5 19.Rxf5 Qe6 20.g4 Bb8 21.Rc1 b5 22.Na2
Ne4 23.Qd4 f6 24.Rxc8 Qxc8 25.Nb4 Qb7 26.Kg1 Ng5 27.Nd3 Nxd3 28.Qxd3 d4 
29.exd4 Qc7 30.f4 Ne6 31.Qc3 Qd6 32.Bf3 Nxf4 33.Kf1 Ba7 34.Qe3 Bxd4 35.
Bxd4 Qxd4 36.Qxf4 Qa1+ 37.Kg2 Qxa3 38.Qe3 Qb2+ 39.Kh3 Qb1 40.Rd5 Rf8 41.
Rd7 Kh8 42.Qd3 Qe1 43.Rd8 Rxd8 44.Qxd8+ Kh7 45.Qd3+ Kg8 46.Be4 1-0

[Event "22nd EUR-ch (w)"]
[Site "Prague CZE"]
[Date "2022.08.22"]
[Round "3.8"]
[White "Socko, Monika"]
[Black "Blagojevic, Tijana"]
[Result "1-0"]
[WhiteElo "2423"]
[BlackElo "2291"]
[EventDate "2022.08.20"]
[PlyCount "83"]

1.e4 e5 2.Nf3 Nc6 3.Bc4 Bc5 4.c3 Nf6 5.d3 O-O 6.O-O d5 7.exd5 Nxd5 8.Re1 
Bg4 9.h3 Bh5 10.b4 Be7 11.b5 Na5 12.Rxe5 Nxc4 13.Rxh5 Nf6 14.Rh4 Nd6 15.
Rd4 Nd7 16.a4 a6 17.bxa6 Rxa6 18.Ba3 c5 19.Rd5 Qc7 20.d4 Ne4 21.dxc5 Ndxc5
22.Bb4 Rg6 23.Ra2 Qf4 24.Na3 Rd6 25.Rd4 g5 26.Nc4 Re6 27.Re2 g4 28.hxg4 
Qxg4 29.Nce5 Qf5 30.Qc2 Qh5 31.Rexe4 Nxe4 32.Qxe4 Bxb4 33.Qg4+ Qxg4 34.
Rxg4+ Kh8 35.cxb4 f6 36.Nd7 Rd8 37.Nc5 Rd1+ 38.Kh2 Rb6 39.Re4 Rb1 40.b5 
Ra1 41.Nd4 Kg7 42.Nd7 1-0

[Event "22nd EUR-ch (w)"]
[Site "Prague CZE"]
[Date "2022.08.22"]
[Round "3.9"]
[White "Rudzinska, Michalina"]
[Black "Ushenina, Anna"]
[Result "0-1"]
[WhiteElo "2287"]
[BlackElo "2423"]
[EventDate "2022.08.20"]
[PlyCount "70"]

1.e4 e5 2.Nf3 Nf6 3.d4 Nxe4 4.Bd3 d5 5.Nxe5 Nd7 6.Nc3 Nxe5 7.dxe5 Nxc3 8.
bxc3 Bc5 9.O-O O-O 10.Qh5 g6 11.Qh6 Re8 12.Bg5 Bf8 13.Bxd8 Bxh6 14.Bxc7 
Bf5 15.Bxf5 gxf5 16.f4 Rac8 17.Bd6 Rxc3 18.Rf2 Rec8 19.g3 Rxc2 20.Rxc2 
Rxc2 21.a3 d4 22.Rd1 Rc4 23.Kg2 Bf8 24.Kh3 Kg7 25.Kh4 Bxd6 26.exd6 Kf6 27.
d7 Ke7 28.Kg5 Kxd7 29.Kxf5 Kd6 30.Kf6 Kd5 31.Kxf7 Ke4 32.Re1+ Kf3 33.Re7 
d3 34.Rd7 Ke3 35.Re7+ Re4 0-1

[Event "22nd EUR-ch (w)"]
[Site "Prague CZE"]
[Date "2022.08.22"]
[Round "3.10"]
[White "Narva, Mai"]
[Black "Urh, Zala"]
[Result "1/2-1/2"]
[WhiteElo "2405"]
[BlackElo "2262"]
[EventDate "2022.08.20"]
[PlyCount "66"]

1.e4 c6 2.d4 d5 3.e5 Bf5 4.h4 h5 5.Bd3 Bxd3 6.Qxd3 e6 7.Bg5 Qb6 8.Nd2 c5 
9.c4 Nc6 10.Ngf3 Nge7 11.O-O cxd4 12.a3 Qc7 13.Rac1 dxc4 14.Nxc4 Nf5 15.b4
a6 16.Na5 Be7 17.Nxc6 bxc6 18.Qe4 Bxg5 19.Rxc6 Qd7 20.hxg5 O-O 21.Rfc1 
Rac8 22.a4 Qb7 23.g6 fxg6 24.Ng5 Rxc6 25.Qxc6 Qxc6 26.Rxc6 d3 27.Rc1 Nd4 
28.Rd1 Rf5 29.Rxd3 Rxg5 30.Rxd4 Rxe5 31.Rd6 Re4 32.Rxa6 Rxb4 33.Rxe6 Rxa4 
1/2-1/2

[Event "22nd EUR-ch (w)"]
[Site "Prague CZE"]
[Date "2022.08.22"]
[Round "3.11"]
[White "Doluhanova, Evgeniya"]
[Black "Salimova, Nurgyul"]
[Result "1/2-1/2"]
[WhiteElo "2278"]
[BlackElo "2404"]
[EventDate "2022.08.20"]
[PlyCount "92"]

1.e4 e5 2.Nf3 Nc6 3.Nc3 Nf6 4.d4 exd4 5.Nxd4 Bb4 6.Nxc6 bxc6 7.Bd3 d5 8.
exd5 O-O 9.O-O cxd5 10.h3 c6 11.Qf3 Bd6 12.Bg5 Rb8 13.b3 Be5 14.Bf4 Bxc3 
15.Bxb8 Bxa1 16.Rxa1 Bg4 17.hxg4 Qxb8 18.Re1 Re8 19.Rxe8+ Qxe8 20.g5 Nd7 
21.Kf1 g6 22.g3 Nc5 23.Qe2 Ne6 24.Qe5 Qd8 25.f4 a5 26.Kf2 Qb6+ 27.Kg2 Qb4 
28.a4 Qd2+ 29.Kg1 Qd1+ 30.Kf2 Qd2+ 31.Qe2 Qc3 32.Qe1 Qc5+ 33.Qe3 Kf8 34.
Qxc5+ Nxc5 35.Ke3 Ke7 36.Kd4 Kd6 37.Ke3 Ne6 38.c3 c5 39.Be2 Nc7 40.Kd3 Na8
41.Kd2 Nc7 42.Bf1 Ne6 43.Bh3 Nd8 44.Bg2 Ne6 45.Bh3 Nc7 46.Bg2 Ne6 1/2-1/2

[Event "22nd EUR-ch (w)"]
[Site "Prague CZE"]
[Date "2022.08.22"]
[Round "3.12"]
[White "Injac, Teodora"]
[Black "Krasteva, Beloslava"]
[Result "1/2-1/2"]
[WhiteElo "2389"]
[BlackElo "2269"]
[EventDate "2022.08.20"]
[PlyCount "92"]

1.Nf3 Nf6 2.c4 e6 3.g3 d5 4.d4 Be7 5.Bg2 O-O 6.O-O c6 7.Nc3 b6 8.Qd3 a5 9.
Rd1 Ba6 10.b3 b5 11.cxb5 cxb5 12.Nxb5 Qb6 13.a4 Nc6 14.Ne1 Na7 15.Ba3 Bxa3
16.Rxa3 Nxb5 17.axb5 Bxb5 18.Qd2 Rfb8 19.Rda1 Bc6 20.Qc3 Ne4 21.Bxe4 dxe4 
22.Rxa5 Rxa5 23.Rxa5 Bd5 24.Rc5 g6 25.Rc8+ Rxc8 26.Qxc8+ Kg7 27.Qc3 Qxb3 
28.Qxb3 Bxb3 29.f3 exf3 30.Nxf3 Kf6 31.Ne5 Ke7 32.Kf2 f6 33.Nf3 Kd6 34.e4 
e5 35.dxe5+ fxe5 36.Ke3 h6 37.h4 Bd1 38.Ne1 Ke6 39.Nd3 h5 40.Nf2 Bg4 41.
Kd3 Kd6 42.Kc3 Bf3 43.Kd3 Bg4 44.Nxg4 hxg4 45.Kc4 Kc6 46.Kb4 Kb6 1/2-1/2

[Event "22nd EUR-ch (w)"]
[Site "Prague CZE"]
[Date "2022.08.22"]
[Round "3.13"]
[White "Eric, Jovana"]
[Black "Mammadova, Gulnar"]
[Result "0-1"]
[WhiteElo "2244"]
[BlackElo "2380"]
[EventDate "2022.08.20"]
[PlyCount "70"]

1.e4 e6 2.d4 d5 3.Nc3 Nf6 4.e5 Nfd7 5.f4 c5 6.Nf3 Nc6 7.Be3 a6 8.Qd2 b5 9.
dxc5 Bxc5 10.Ne2 O-O 11.Bxc5 Nxc5 12.Ned4 Ne4 13.Qe3 Nxd4 14.Qxd4 b4 15.
Bd3 a5 16.O-O Qc7 17.a3 bxa3 18.Rxa3 Bb7 19.Qe3 f6 20.Nd4 Qe7 21.exf6 Rxf6
22.Rfa1 Raf8 23.Rxa5 Rxf4 24.Ra7 Qg5 25.Nf3 Qg6 26.Ne5 Qh6 27.Re1 d4 28.
Qc1 Bd5 29.Nd7 Nf2 30.Bxh7+ Kh8 31.Be4 Bxe4 32.Nxf8 Nh3+ 33.Kh1 Bxg2+ 34.
Kxg2 Qg5+ 35.Kxh3 Qg4# 0-1

[Event "22nd EUR-ch (w)"]
[Site "Prague CZE"]
[Date "2022.08.22"]
[Round "3.14"]
[White "Sargsian, Anna M."]
[Black "Rakhmangulova, Anastasiya"]
[Result "0-1"]
[WhiteElo "2378"]
[BlackElo "2244"]
[EventDate "2022.08.20"]
[PlyCount "114"]

1.d4 Nf6 2.Nf3 g6 3.Bg5 Bg7 4.Nbd2 d5 5.e3 Bf5 6.c4 c6 7.Qb3 Qb6 8.c5 Qc7 
9.Bf4 Qc8 10.h3 Nbd7 11.Be2 Ne4 12.g4 Nxd2 13.Nxd2 Be6 14.h4 h6 15.Qa3 Nf6
16.f3 h5 17.g5 Nh7 18.Nb3 O-O 19.Qb4 Bf5 20.Rc1 Re8 21.Qc3 Nf8 22.Bg3 Nd7 
23.f4 b6 24.a3 Qb7 25.Rh2 Rec8 26.Bd1 e6 27.Kf1 a5 28.cxb6 Qxb6 29.Be1 c5 
30.Kg1 a4 31.Nxc5 Nxc5 32.dxc5 Qa7 33.Qb4 Rcb8 34.Qd2 Rc8 35.Qb4 Rcb8 36.
Qd2 Rxb2 37.Qxb2 Bxb2 38.Rxb2 Rc8 39.Bf2 Bd3 40.Rb4 Qe7 41.c6 Bc4 42.e4 e5
43.Bxa4 Qe6 44.f5 gxf5 45.exd5 Bxd5 46.c7 f4 47.Rb8 Qg4+ 48.Kf1 Be6 49.Rc3
Kg7 50.Bc2 f3 51.Ke1 Qf4 52.Bd3 e4 53.Rxc8 Bxc8 54.Rc4 Ba6 55.Bd4+ Kh7 56.
Rc6 f2+ 57.Bxf2 exd3 0-1

[Event "22nd EUR-ch (w)"]
[Site "Prague CZE"]
[Date "2022.08.22"]
[Round "3.15"]
[White "Kazarian, Anna-Maja"]
[Black "Mkrtchian, Lilit"]
[Result "0-1"]
[WhiteElo "2139"]
[BlackElo "2362"]
[EventDate "2022.08.20"]
[PlyCount "64"]

1.e4 c6 2.d4 d5 3.exd5 cxd5 4.Bd3 Nf6 5.c3 Bg4 6.Qb3 Qc7 7.Ne2 Nc6 8.Bf4 
Qd7 9.h3 Bh5 10.Nd2 e6 11.O-O Bd6 12.Bxd6 Qxd6 13.Ng3 Bg6 14.Bxg6 hxg6 15.
f4 g5 16.fxg5 Rxh3 17.gxf6 Rxg3 18.Rf3 O-O-O 19.Rxg3 Qxg3 20.Nf1 Qg5 21.
fxg7 Qxg7 22.Rd1 Rh8 23.Rd3 Rh4 24.Rg3 Qh7 25.Ne3 f5 26.Nxd5 exd5 27.Qxd5 
f4 28.Qe6+ Kc7 29.Rg4 Qb1+ 30.Kf2 Qxb2+ 31.Kg1 Qc1+ 32.Kf2 Qe3+ 0-1

[Event "22nd EUR-ch (w)"]
[Site "Prague CZE"]
[Date "2022.08.22"]
[Round "3.16"]
[White "Kubicka, Anna"]
[Black "Unuk, Laura"]
[Result "1/2-1/2"]
[WhiteElo "2237"]
[BlackElo "2350"]
[EventDate "2022.08.20"]
[PlyCount "97"]

1.e4 e5 2.Nf3 Nc6 3.Bc4 Nf6 4.d3 h6 5.O-O d6 6.c3 g6 7.h3 Bg7 8.Nbd2 O-O 
9.Bb3 a5 10.d4 Re8 11.Re1 Bd7 12.Bc2 b5 13.d5 Ne7 14.a4 g5 15.Nh2 Ng6 16.
axb5 h5 17.Nc4 Bxb5 18.Na3 Bd7 19.Bxg5 Qb8 20.Nc4 Nf4 21.Qf3 Qb5 22.Bxf4 
Qxc4 23.Bg5 Nh7 24.Qxh5 Reb8 25.Re3 Nf8 26.Rg3 Ng6 27.Bh6 Kf8 28.b3 Rxb3 
29.Bxb3 Qxb3 30.Rxg6 fxg6 31.Qxg6 Bxh6 32.Qxh6+ Ke7 33.Qg5+ Kf7 34.Re1 Rf8
35.Ng4 Bxg4 36.Qxg4 Ke7 37.Re3 Qc2 38.Qe2 Qb1+ 39.Kh2 a4 40.Qc4 Qb6 41.Rg3
Qa7 42.Qc6 a3 43.Rg6 a2 44.Rg7+ Rf7 45.Rxf7+ Kxf7 46.Qd7+ Kf8 47.Qd8+ Kf7 
48.Qd7+ Kf8 49.Qd8+ 1/2-1/2

[Event "22nd EUR-ch (w)"]
[Site "Prague CZE"]
[Date "2022.08.22"]
[Round "3.17"]
[White "Spanko, Nadia"]
[Black "Brunello, Marina"]
[Result "0-1"]
[WhiteElo "2136"]
[BlackElo "2341"]
[EventDate "2022.08.20"]
[PlyCount "134"]

1.e4 c5 2.c3 Nf6 3.e5 Nd5 4.d4 cxd4 5.Nf3 e6 6.cxd4 d6 7.Bc4 Be7 8.O-O O-O
9.Qe2 Nd7 10.Rd1 b6 11.Bxd5 exd5 12.Nc3 Bb7 13.e6 Nb8 14.Re1 Na6 15.Nb5 
Bc8 16.exf7+ Rxf7 17.Bf4 Bg4 18.Bg3 Qd7 19.Rac1 Raf8 20.Rc3 h5 21.Nxd6 
Bxd6 22.Qxa6 Bxf3 23.Rxf3 Rxf3 24.gxf3 Bxg3 25.hxg3 Rxf3 26.Qe2 Qg4 27.
Qe8+ Kh7 28.Re5 Rf5 29.Rxf5 Qxf5 30.Qe2 g6 31.Qe7+ Kh6 32.Qe3+ g5 33.Qe7 
h4 34.Qxa7 Qb1+ 35.Kh2 Qxb2 36.Qf7 Qxd4 37.Qe6+ Kg7 38.Qe7+ Kg6 39.Qe8+ 
Kf5 40.Qd7+ Ke4 41.Qh7+ Kf3 42.Qf5+ Ke2 43.Qc2+ Qd2 44.Qxd2+ Kxd2 45.gxh4 
gxh4 46.f4 d4 47.f5 d3 48.f6 Ke1 49.f7 d2 50.f8=Q d1=Q 51.Kh3 Qd4 52.a4 
Kd2 53.Qa8 Qf2 54.Qd8+ Kc3 55.Qc7+ Kb4 56.a5 Kxa5 57.Qa7+ Kb4 58.Qe7+ Kc4 
59.Qc7+ Qc5 60.Qf7+ Kb4 61.Qf4+ Qc4 62.Qd6+ Kb5 63.Qd7+ Kb4 64.Qd6+ Ka5 
65.Qd2+ Ka4 66.Qd7+ b5 67.Qg7 Qf1+ 0-1

[Event "22nd EUR-ch (w)"]
[Site "Prague CZE"]
[Date "2022.08.22"]
[Round "3.18"]
[White "Petrova, Irina"]
[Black "Heinemann, Josefine"]
[Result "0-1"]
[WhiteElo "2127"]
[BlackElo "2321"]
[EventDate "2022.08.20"]
[PlyCount "90"]

1.e4 c5 2.Nf3 d6 3.Bb5+ Nd7 4.O-O a6 5.Bxd7+ Bxd7 6.d4 cxd4 7.Qxd4 Nf6 8.
Bg5 e6 9.c4 h6 10.Bh4 Be7 11.Nc3 O-O 12.a4 Bc6 13.Rfd1 Qa5 14.Qd3 Rfd8 15.
Nd4 Rac8 16.f3 Be8 17.Bf2 Nd7 18.b3 Ne5 19.Qd2 Bg5 20.Qe1 Nc6 21.Rab1 Bf6 
22.Nxc6 Rxc6 23.Bd4 Bxd4+ 24.Rxd4 Qb4 25.Qd2 Rcc8 26.Ne2 Qb6 27.a5 Qc5 28.
Kh1 b5 29.axb6 Qxb6 30.Rb2 a5 31.Nc1 Bc6 32.Ra2 d5 33.cxd5 Bxd5 34.Ne2 
Bxb3 35.Ra1 a4 36.h3 e5 37.Rxd8+ Rxd8 38.Qc3 Qf2 39.Re1 Be6 40.Qc1 a3 41.
Kh2 a2 42.Nc3 Rd2 43.Rg1 Rc2 44.Qa1 Qxf3 45.Nd5 Qxh3# 0-1

[Event "22nd EUR-ch (w)"]
[Site "Prague CZE"]
[Date "2022.08.22"]
[Round "3.19"]
[White "Lazarne Vajda, Szidonia"]
[Black "Hajiyeva, Laman"]
[Result "1/2-1/2"]
[WhiteElo "2313"]
[BlackElo "2042"]
[EventDate "2022.08.20"]
[PlyCount "114"]

1.d4 d5 2.Nf3 Nf6 3.c4 c6 4.e3 e6 5.Nbd2 c5 6.cxd5 exd5 7.b3 cxd4 8.Nxd4 
Nc6 9.Bb5 Bd7 10.Bb2 Bd6 11.N4f3 O-O 12.O-O Bg4 13.h3 Bh5 14.Be2 Bc7 15.
Nd4 Qd6 16.g3 Bxe2 17.Qxe2 Nxd4 18.Bxd4 Bb6 19.Nf3 Ne4 20.Kg2 Rfe8 21.Bxb6
Qxb6 22.Qb2 Re6 23.Rad1 Rd8 24.Rd3 Rg6 25.Qe5 Re6 26.Qd4 Qc7 27.Nd2 Nf6 
28.Rc3 Qa5 29.Rc5 Qa6 30.Rfc1 Rde8 31.a4 h6 32.Rc8 Qe2 33.Rxe8+ Rxe8 34.
Rc7 Re4 35.Qc3 Re6 36.Rxb7 Ng4 37.Qc8+ Kh7 38.Qc2+ g6 39.Rxf7+ Kg8 40.Rf3 
Qxf2+ 41.Rxf2 Nxe3+ 42.Kg1 Nxc2 43.Nf3 Nb4 44.Nd4 Re4 45.Nc2 Nxc2 46.Rxc2 
Re3 47.Kf2 Rxb3 48.Rc8+ Kf7 49.Rc7+ Kf6 50.Rxa7 Kf5 51.a5 Ra3 52.a6 Ke4 
53.Re7+ Kd4 54.Re6 Ra2+ 55.Kf3 Ra3+ 56.Kf2 Ra2+ 57.Kf3 Ra3+ 1/2-1/2

[Event "22nd EUR-ch (w)"]
[Site "Prague CZE"]
[Date "2022.08.22"]
[Round "3.20"]
[White "Garcia Martin, Marta"]
[Black "Koridze, Lile"]
[Result "0-1"]
[WhiteElo "2305"]
[BlackElo "2081"]
[EventDate "2022.08.20"]
[PlyCount "148"]

1.e4 c5 2.Nf3 d6 3.Nc3 Nf6 4.e5 dxe5 5.Nxe5 a6 6.g3 e6 7.Bg2 Bd6 8.d4 Bc7 
9.Be3 O-O 10.O-O Qe7 11.Qe2 cxd4 12.Bxd4 Nfd7 13.Nxd7 Nxd7 14.Nd5 Qd8 15.
Nxc7 Qxc7 16.Rfe1 Re8 17.Rad1 f6 18.f4 Nf8 19.Qf2 Bd7 20.Bb6 Qc8 21.Rd6 
Bb5 22.b3 Qc3 23.a4 Bc6 24.Bd4 Qb4 25.Rxc6 bxc6 26.Bxc6 Red8 27.Bc5 Qc3 
28.Bxa8 Rxa8 29.Bd4 Qc6 30.Qg2 Qc8 31.Re3 Rb8 32.Rc3 Qd8 33.Rd3 Qa5 34.Qd2
Qf5 35.Bf2 e5 36.fxe5 fxe5 37.Qe2 Rc8 38.c4 Ne6 39.Rf3 Qg5 40.Be3 Qg6 41.
Rf1 Rb8 42.Ba7 Rxb3 43.Qxe5 Rb1 44.Qd5 Rxf1+ 45.Kxf1 Qb1+ 46.Kg2 Qb2+ 47.
Bf2 Kf7 48.c5 Kf6 49.h4 Qc2 50.Qf3+ Ke5 51.g4 Nxc5 52.Kh3 Nxa4 53.Bg3+ Ke6
54.Qb7 Qc4 55.Qf3 Qd5 56.Qe2+ Kd7 57.Kh2 Nc5 58.Qb2 Ne6 59.Qb8 a5 60.Qa7+ 
Ke8 61.Qb8+ Kd7 62.Qb1 h6 63.Qg6 Ke7 64.Qc2 Qc5 65.Qg2 Qb4 66.Qe2 a4 67.h5
a3 68.Be5 Kf7 69.Qf3+ Kg8 70.Qf5 Qe7 71.Kg3 a2 72.Qc2 Qa3+ 73.Kh2 a1=Q 74.
Qc8+ Nf8 0-1

[Event "22nd EUR-ch (w)"]
[Site "Prague CZE"]
[Date "2022.08.22"]
[Round "3.21"]
[White "Lomaia, Diana"]
[Black "Rapport, Jovana"]
[Result "1/2-1/2"]
[WhiteElo "1955"]
[BlackElo "2294"]
[EventDate "2022.08.20"]
[PlyCount "91"]

1.d4 e6 2.c4 f5 3.g3 Nf6 4.Bg2 d5 5.Nf3 Be7 6.O-O Ne4 7.Nc3 Nc6 8.e3 Bf6 
9.Nd2 Ne7 10.Ndxe4 dxe4 11.f3 exf3 12.Qxf3 O-O 13.Rd1 c6 14.b3 Qa5 15.Bb2 
e5 16.Ne2 e4 17.Qf2 Be6 18.Nf4 Bf7 19.Qd2 Qxd2 20.Rxd2 g5 21.Ne2 Rfd8 22.
Ba3 Kg7 23.Rf1 Be6 24.Bh3 g4 25.Nf4 Bf7 26.Bg2 Rd7 27.Rdf2 Bg5 28.h4 Bh6 
29.Rd1 Ng8 30.Bf1 Nf6 31.Ng2 Kg6 32.Kh2 Nh5 33.Rfd2 Rad8 34.c5 Bf8 35.Bc1 
b6 36.b4 b5 37.Rb2 Ra8 38.Bd2 Be7 39.Ra1 a6 40.a4 Rda7 41.Ra3 Bd8 42.Rb1 
Bc7 43.Be1 Kf6 44.Rba1 Bb8 45.Be2 Ke7 46.Bf1 1/2-1/2

[Event "22nd EUR-ch (w)"]
[Site "Prague CZE"]
[Date "2022.08.22"]
[Round "3.22"]
[White "Martynkova, Olena"]
[Black "Javakhishvili, Lela"]
[Result "1/2-1/2"]
[WhiteElo "2182"]
[BlackElo "2476"]
[EventDate "2022.08.20"]
[PlyCount "149"]

1.d4 Nf6 2.Bf4 c5 3.e3 Qb6 4.Nc3 a6 5.dxc5 Qxc5 6.Nf3 Nc6 7.Be2 d5 8.O-O 
b5 9.Ne5 Bb7 10.Bf3 e6 11.Nxc6 Bxc6 12.Ne2 Be7 13.Nd4 Bb7 14.a4 b4 15.Nb3 
Qa7 16.Be5 Rc8 17.c3 O-O 18.cxb4 Bxb4 19.Qd4 Qxd4 20.Bxd4 Nd7 21.Rfc1 e5 
22.Bc3 Bxc3 23.Rxc3 Rxc3 24.bxc3 Rb8 25.Na5 Ba8 26.c4 dxc4 27.Bxa8 Rxa8 
28.Nxc4 Rc8 29.Nd6 Rc2 30.Ne4 f5 31.Nd6 g6 32.h3 Kf8 33.Rd1 Ke7 34.Nf7 Ra2
35.Nd6 Nb6 36.Rb1 Nxa4 37.Nc4 Ke6 38.g4 Nc3 39.gxf5+ gxf5 40.Rb7 Ne4 41.f4
exf4 42.exf4 h5 43.Ne3 Ng3 44.Rb6+ Kf7 45.h4 a5 46.Rb5 a4 47.Nxf5 Ne2+ 48.
Kf1 a3 49.Nd6+ Ke6 50.Ne4 Nxf4 51.Ra5 Nd5 52.Nc5+ Ke5 53.Nb3 Ke4 54.Ke1 
Nf4 55.Kd1 Ke3 56.Re5+ Kf3 57.Ra5 Ke3 58.Re5+ Kf3 59.Ra5 Kg3 60.Nc1 Ra1 
61.Kc2 Kxh4 62.Ra8 Kg5 63.Rg8+ Ng6 64.Nd3 h4 65.Ne5 Kf6 66.Nxg6 Rg1 67.Ra8
Rxg6 68.Rxa3 Kf5 69.Kd2 Re6 70.Re3 Ra6 71.Ke2 Kf4 72.Rb3 Ra1 73.Kf2 Kg4 
74.Kg2 h3+ 75.Kh2 1/2-1/2

[Event "22nd EUR-ch (w)"]
[Site "Prague CZE"]
[Date "2022.08.22"]
[Round "3.23"]
[White "Lehaci, Miruna-Daria"]
[Black "Milliet, Sophie"]
[Result "1-0"]
[WhiteElo "2186"]
[BlackElo "2391"]
[EventDate "2022.08.20"]
[PlyCount "85"]

1.d4 Nf6 2.Nc3 d5 3.Bf4 e6 4.Nb5 Na6 5.e3 Be7 6.Nf3 O-O 7.h4 c5 8.c3 Bd7 
9.a4 c4 10.Nd2 Bxb5 11.axb5 Nc7 12.Bxc7 Qxc7 13.b3 e5 14.bxc4 exd4 15.exd4
Rfe8 16.Be2 dxc4 17.O-O Nd5 18.Bxc4 Nb6 19.Bb3 Qxc3 20.Ne4 Qc7 21.Qf3 Bxh4
22.g3 Bd8 23.Rac1 Qe7 24.Nd6 Rf8 25.Nxf7 Rxf7 26.Rfe1 Kf8 27.Qh5 Qf6 28.
Bxf7 Qxf7 29.Qxh7 Bf6 30.Qh8+ Qg8 31.Qh3 Qd5 32.Rc7 Kg8 33.Rc5 Qf7 34.Rf5 
Qd7 35.g4 Qxd4 36.g5 Qc3 37.Re3 Qc1+ 38.Kg2 Nc4 39.Rg3 Be5 40.g6 Qh6 41.
Rh5 Re8 42.Rxh6 gxh6 43.Qd7 1-0

[Event "22nd EUR-ch (w)"]
[Site "Prague CZE"]
[Date "2022.08.22"]
[Round "3.24"]
[White "Daulyte-Cornette, Deimante"]
[Black "Kucharska, Honorata"]
[Result "1-0"]
[WhiteElo "2384"]
[BlackElo "2193"]
[EventDate "2022.08.20"]
[PlyCount "113"]

1.e4 d5 2.exd5 Qxd5 3.Nc3 Qa5 4.d4 Nf6 5.Bc4 c6 6.Bd2 Bf5 7.Nd5 Qd8 8.
Nxf6+ gxf6 9.Ne2 e6 10.Bf4 Bd6 11.O-O Qc7 12.Bxd6 Qxd6 13.Ng3 Bg6 14.f4 
Nd7 15.f5 exf5 16.Nxf5 Bxf5 17.Rxf5 O-O-O 18.Bxf7 Qe7 19.Bb3 Qe3+ 20.Rf2 
Rhe8 21.Qd2 Qe4 22.Qf4 Re7 23.Qxe4 Rxe4 24.c3 Kc7 25.Bc2 Re7 26.Kf1 Rde8 
27.Rd1 a6 28.g3 h5 29.Bg6 Rh8 30.Re1 Rg7 31.Bf5 Nb6 32.Rfe2 Rg5 33.Re7+ 
Kb8 34.Bc2 Nc4 35.b3 Nd6 36.Rd7 Nc8 37.Re4 f5 38.Re5 h4 39.Rxf5 Rxf5+ 40.
Bxf5 hxg3 41.hxg3 Nb6 42.Rh7 Rf8 43.g4 Nd5 44.Rh3 Kc7 45.Kf2 a5 46.c4 Nb4 
47.Ke3 Nxa2 48.Kf4 Nc1 49.Re3 Kd6 50.g5 b5 51.g6 bxc4 52.bxc4 a4 53.Kg5 
Nb3 54.g7 Rg8 55.c5+ Kc7 56.Re7+ Kb8 57.Be6 1-0

[Event "22nd EUR-ch (w)"]
[Site "Prague CZE"]
[Date "2022.08.22"]
[Round "3.25"]
[White "Kiolbasa, Oliwia"]
[Black "Polterauer, Chiara"]
[Result "1-0"]
[WhiteElo "2383"]
[BlackElo "2183"]
[EventDate "2022.08.20"]
[PlyCount "107"]

1.e4 e5 2.Nf3 Nc6 3.Bb5 a6 4.Ba4 Nf6 5.O-O b5 6.Bb3 Bc5 7.a4 Rb8 8.c3 d6 
9.d4 Bb6 10.a5 Ba7 11.h3 Bb7 12.Be3 Nxe4 13.d5 Bxe3 14.dxc6 Nxf2 15.Qe2 
Nxh3+ 16.Kh1 Nf2+ 17.Rxf2 Bxf2 18.Qxf2 Bxc6 19.Nxe5 Bxg2+ 20.Kg1 O-O 21.
Nxf7 Qe7 22.Kxg2 Rxf7 23.Qxf7+ Qxf7 24.Bxf7+ Kxf7 25.Nd2 b4 26.c4 Re8 27.
Kf3 Re5 28.Nb3 g5 29.Nd4 Rc5 30.b3 d5 31.cxd5 Rxd5 32.Ke4 Rc5 33.Nf5 h5 
34.Ne3 Rc3 35.Rf1+ Kg6 36.Nd5 Rxb3 37.Rf6+ Kg7 38.Rxa6 Ra3 39.Nxc7 g4 40.
Kf5 g3 41.Ne6+ Kf7 42.Ra7+ Ke8 43.a6 Rf3+ 44.Ke5 Re3+ 45.Kf6 Rf3+ 46.Ke5 
Re3+ 47.Kd5 Rd3+ 48.Kc4 Rd6 49.Nf4 Kd8 50.Ra8+ Kc7 51.Nd5+ Rxd5 52.Kxd5 b3
53.a7 Kb7 54.Rg8 1-0

[Event "22nd EUR-ch (w)"]
[Site "Prague CZE"]
[Date "2022.08.22"]
[Round "3.26"]
[White "Ciolacu, Alessia-Mihaela"]
[Black "Antolak, Julia"]
[Result "0-1"]
[WhiteElo "2169"]
[BlackElo "2378"]
[EventDate "2022.08.20"]
[PlyCount "104"]

1.d4 Nf6 2.Nf3 e6 3.c4 Bb4+ 4.Bd2 c5 5.Bxb4 cxb4 6.a3 bxa3 7.Rxa3 b6 8.e3 
Bb7 9.Bd3 d6 10.Nc3 O-O 11.O-O Re8 12.Re1 a5 13.e4 e5 14.Bc2 Na6 15.Ba4 
Re7 16.Nd5 Nxd5 17.exd5 exd4 18.Rxe7 Qxe7 19.Nxd4 Nc5 20.Re3 Qf6 21.Bc6 g6
22.h3 Kg7 23.Be8 Ba6 24.b3 a4 25.b4 Nb3 26.Nxb3 axb3 27.Qxb3 Qd4 28.b5 Bc8
29.Qc3 Qxc3 30.Rxc3 Bxh3 31.Bc6 Ra1+ 32.Kh2 Bf5 33.f3 Ra4 34.g4 Bb1 35.c5 
dxc5 36.d6 Rd4 37.d7 Ba2 38.Ra3 Be6 39.Ra8 Bxd7 40.Rb8 Be6 41.Rxb6 c4 42.
Be4 Bxg4 43.Rc6 Bd7 44.Rc5 Rd2+ 45.Kg3 Rb2 46.Bc6 Be6 47.Kf4 h5 48.Ke5 h4 
49.Kd6 h3 50.f4 h2 51.Kc7 Bh3 52.Rxc4 Bg2 0-1

[Event "22nd EUR-ch (w)"]
[Site "Prague CZE"]
[Date "2022.08.22"]
[Round "3.27"]
[White "Beydullayeva, Govhar"]
[Black "Kanakova, Natalie"]
[Result "1/2-1/2"]
[WhiteElo "2339"]
[BlackElo "2171"]
[EventDate "2022.08.20"]
[PlyCount "53"]

1.d4 f5 2.g3 Nf6 3.Bg2 g6 4.Nf3 Bg7 5.b3 O-O 6.Bb2 d6 7.O-O e6 8.c4 Qe7 9.
Nc3 Nbd7 10.Re1 Ne4 11.Qc2 Ndf6 12.e3 c6 13.Nd2 Nxd2 14.Qxd2 e5 15.dxe5 
dxe5 16.Rad1 Be6 17.Qd6 Qxd6 18.Rxd6 Rfe8 19.Na4 Bf8 20.Rdd1 Nd7 21.e4 f4 
22.Rd3 a6 23.c5 Nxc5 24.Nxc5 Bxc5 25.Bxe5 fxg3 26.Bxg3 a5 27.Rc1 1/2-1/2

[Event "22nd EUR-ch (w)"]
[Site "Prague CZE"]
[Date "2022.08.22"]
[Round "3.28"]
[White "Rodshtein, Tereza"]
[Black "Zhukova, Natalia"]
[Result "1/2-1/2"]
[WhiteElo "2154"]
[BlackElo "2335"]
[EventDate "2022.08.20"]
[PlyCount "30"]

1.e4 e5 2.Nf3 Nc6 3.d4 exd4 4.Nxd4 Nf6 5.Nxc6 bxc6 6.e5 Qe7 7.Qe2 Nd5 8.h4
a5 9.c4 Ba6 10.Rh3 Nb6 11.b3 Qe6 12.Nd2 O-O-O 13.Bb2 Bc5 14.O-O-O Qe7 15.
Kb1 Ba3 1/2-1/2

[Event "22nd EUR-ch (w)"]
[Site "Prague CZE"]
[Date "2022.08.22"]
[Round "3.29"]
[White "Roebers, Eline"]
[Black "Dolzhykova, Kateryna"]
[Result "1-0"]
[WhiteElo "2324"]
[BlackElo "2139"]
[EventDate "2022.08.20"]
[PlyCount "149"]

1.e4 c5 2.Nf3 d6 3.d4 cxd4 4.Nxd4 Nf6 5.Nc3 g6 6.Be3 Bg7 7.f3 a6 8.Qd2 h5 
9.Bc4 b5 10.Bb3 Nbd7 11.O-O-O Nc5 12.Kb1 Bd7 13.Rhe1 Rb8 14.Bg5 O-O 15.Bh6
a5 16.e5 dxe5 17.Rxe5 Nxb3 18.axb3 b4 19.Nd5 Nxd5 20.Rxd5 Qc7 21.Re1 Bf6 
22.Bxf8 Rxf8 23.Nb5 Bxb5 24.Rxb5 Rd8 25.Rd5 Rxd5 26.Qxd5 Qxh2 27.Qd2 h4 
28.Qe2 Kg7 29.Ka2 Kh7 30.Qf1 Qd6 31.Re4 Qd2 32.Kb1 Kg7 33.Qe2 Qd6 34.Ka2 
Qh2 35.Qf1 Qd6 36.Qe1 Qh2 37.Re2 Qd6 38.Qc1 Qa6 39.Re4 Qb6 40.Qe3 Qd6 41.
Qd3 Qc5 42.Re2 Qg1 43.c4 bxc3 44.bxc3 Qf1 45.Rd2 Qg1 46.Rc2 Qe1 47.Kb2 Qe5
48.Qe4 Qc5 49.Qc4 Qb6 50.Ka3 Qg1 51.Ka4 Qb1 52.Qd3 Qa1+ 53.Kb5 Qa3 54.Qc4 
Qa1 55.b4 Qd1 56.Qe4 a4 57.Kxa4 Bxc3 58.Kb5 Qd7+ 59.Kc4 f5 60.Qe3 Bf6 61.
b5 g5 62.Qd3 Qa7 63.Kb3 Kg6 64.Ra2 Qc5 65.Qc4 Qg1 66.Ka4 g4 67.fxg4 Qd1+ 
68.Ka5 fxg4 69.b6 h3 70.gxh3 gxh3 71.b7 Qd8+ 72.Ka6 h2 73.Rg2+ Bg5 74.Qe6+
Kh7 75.Qf5+ 1-0